| 000 | 00000nam##2200000za#4500 |
| 001 | 9.578938 |
| 003 | CaOODSP |
| 005 | 20210624190326 |
| 007 | cr ||||||||||| |
| 008 | 150406|1990||||xxc|||||o f|0| 0 eng|d |
| 022 | |a1488-5387 |
| 040 | |aCaOODSP|beng |
| 043 | |an-cn--- |
| 086 | 1 |aFs97-4/2074E-PDF |
| 110 | 1 |aCanada. |bDepartment of Fisheries and Oceans. |
| 245 | 10|aAbundance, age, size, sex and coded wire tag recoveries for chinook salmon escapements of Kitsumkalum River, 1987-1988 / |h[electronic resource]|cby J. Carolsfeld, K.K. English, P. Frank and T.M. Webb. |
| 260 | |aVancouver - British Columbia : |bFisheries and Oceans Canada |cJuly 1990. |
| 300 | |a64p.|bfigs., map, references, tables |
| 490 | 1 |aCanadian manuscript report of fisheries and aquatic sciences|x1488-5387|vNo. 2074 |
| 546 | |a(Résumés en français) |
| 590 | |a14-04-Supp|b2014-02-05 |
| 830 | #0|aCanadian manuscript report of fisheries and aquatic sciences,|x1488-5387|vNo. 2074|w(CaOODSP)9.505211 |
| 856 | 40|ahttp://publications.gc.ca|qPDF|s11679 KB|uhttps://publications.gc.ca/collections/collection_2014/mpo-dfo/Fs97-4-2074-eng.pdf|yNo. 2074 |